00257 a2200097 450000500170000002000220001708200120003924500440005126000380009530000260013320250710133912.0 a978-1-84708-708-9 a303 MIL aPinpoint: How GPS is Changing Our World aLondonbGranta Publicationsc2016 axx,316p.bIndexc24cm